Countries Without the Letters in "JAMAICA" - Statistics

General Stats
  • This quiz has been taken 10 times
    2 since last reset
  • The average score is 3 of 7
Answer Stats
Continents Countries % Correct
South America Peru
100%
Africa Egypt
50%
Europe Kosovo
50%
Europe Sweden
50%
Africa Togo
50%
Africa Lesotho
0%
Asia Turkey
0%
No matching quizzes found
Score Distribution
Percent of People with Each Score
Percentile by Number Answered
Your Score History
You have not taken this quiz since the last reset